000 00598nam a2200181Ia 4500
008 151018s9999 xx 000 0 und d
082 _bRBASDV9725
_a891.463
100 _aवि म. पांढरीपांडे
245 _aपत्रांजली
250 _b1
260 _bमेनका प्रकाशन पुणे
_c1974
300 _a194
600 _aवि म. पांढरीपांडे
630 _aपत्रांजली
700 _aवि म. पांढरीपांडे
730 _aपत्रांजली
942 _cBOOK
999 _c1012089
_d1012086